000 01637nam a2200229Ia 4500
008 260220t1943||||xx |||||||||||||| ||spa||
040 _aPY-SlUNAC
_bspa
_erda
041 _aspa
082 _a863
_bC718r
100 _aColoma, Luis
_eAutor
245 0 _aLa reina mártir :
_bapuntes históricos del siglo XVI /
_cpor Luis Coloma [Autor]
264 _aBilbao :
_bGrijelmo S.A.,
_c℗1943.
300 _a1 volumen
520 _aEn "La reina mártir: apuntes históricos del siglo XVI", Luis Coloma ofrece una exhaustiva exploración de la figura de María de Inglaterra, conocida como la Reina María I, quien gobernó en un periodo marcado por intensas luchas religiosas y políticas. A través de un enfoque detallado, Coloma analiza la vida y el reinado de María, destacando su fervor católico y su intento de restaurar el catolicismo en Inglaterra, lo que la llevó a enfrentamientos con los protestantes. El autor contextualiza su reinado dentro de las dinámicas de poder de la época, incluyendo la influencia de su matrimonio con Felipe II de España. Coloma también se adentra en las implicaciones sociales y culturales de las decisiones de María, así como en su legado histórico, que ha sido objeto de controversia y debate. La obra se presenta como una contribución significativa a la historiografía del siglo XVI, ofreciendo una visión matizada de una figura compleja y a menudo malinterpretada.
653 _aHistoria
653 _aReinados
942 _b2026/02/17
_cBK
999 _c9214
_d9214